|
|
|
|
| LEADER |
00990nab a2200229 i 4500 |
| 001 |
misc65622 |
| 005 |
20231013112308.0 |
| 008 |
230726s1972 hu o 0|| hun d |
| 040 |
|
|
|a SZTE Miscellanea Repozitórium
|b hun
|
| 041 |
|
|
|a hun
|
| 041 |
|
|
|a ger
|
| 100 |
1 |
|
|a Sebestyén Árpád
|
| 245 |
1 |
2 |
|a A tájnyelv mint stíluseszköz Móricz Zsigmond műveiben
|h [elektronikus dokumentum] /
|c Sebestyén Árpád
|
| 260 |
|
|
|a KLTE Magyar Nyelvtudományi Intézet
|b Debrecen
|c 1972
|
| 300 |
|
|
|a 9-39
|c 24 cm
|
| 490 |
0 |
|
|a Magyar nyelvjárások : 18. [kötet] : [a Debreceni Egyetem Magyar Nyelvtudományi Intézetének évkönyve]
|
| 561 |
|
|
|a Németh Gyula hagyaték
|
| 591 |
|
|
|a NOM 5413; X 122105
|
| 650 |
|
4 |
|a Bölcsészettudományok
|
| 650 |
|
4 |
|a Nyelvek és irodalom
|
| 695 |
|
|
|a Móricz Zsigmond, Stilisztika - magyar próza - nyelvjárás, Irodalmi stílus - magyar próza - 20. sz.
|
| 856 |
4 |
0 |
|u http://misc.bibl.u-szeged.hu/65622/1/5413_nom.pdf
|z Dokumentum-elérés
|